000 00420nam a2200157Ia 4500
008 230917s9999||||xx |||||||||||||| ||und||
040 _e76784
_aMAIN
041 _aEnglish
082 _a658.3 S84P
100 _aScott, Walter Dill
245 0 _aPersonnel management: principles practices and point of view
250 _a6th ed.
260 _aNew Delhi
_bTata McGraw-Hill
_c1961
300 _ax, 623 p.
942 _cBK
999 _c207976
_d207976